[Event "Bundesliga 2425"]
[Site "Germany"]
[Date "2025.04.26"]
[Round "14.7"]
[White "Halvax, Georg"]
[Black "Amin, Bassem"]
[Result "0-1"]
[WhiteElo "2441"]
[BlackElo "2636"]
[PlyCount "58"]
[EventDate "2024.09.28"]
[EventType "team-tourn"]
[EventRounds "15"]
[EventCountry "GER"]
[SourceTitle "CB18_2025"]
[SourceDate "2025.04.30"]
[SourceVersion "1"]
[SourceVersionDate "2025.04.30"]
[SourceQuality "1"]
[WhiteTeam "Solingen"]
[BlackTeam "Viernheim"]
[WhiteTeamCountry "GER"]
[BlackTeamCountry "GER"]

1. d4 Nf6 2. c4 d6 3. Nc3 e5 4. d5 Be7 5. e4 0-0 6. Bd3 a5 7. h4 Na6 8. g3 c6 9. f3 Nc5 10. Bc2 cxd5 11. cxd5 Nh5 12. Nce2 g6 13. Bh6 Ng7 14. Qd2 f5 15. h5 Qe8 16. exf5 Bxf5 17. g4 Bxc2 18. Qxc2 e4 19. 0-0-0 Rc8 20. Kb1 Nd3 21. Nc3 Bf6 22. Rxd3 exd3 23. Qxd3 Qe1+ 24. Nd1 g5 25. f4 Rfe8 26. Bxg7 Re3 27. Ne2 Qxh1 28. Qxe3 Qxd1+ 29. Nc1 Qc2+ 0-1

[Event "Bundesliga 2425"]
[Site "Germany"]
[Date "2025.04.25"]
[Round "13.6"]
[White "Kosakowski, Jakub"]
[Black "Amin, Bassem"]
[Result "1/2-1/2"]
[WhiteElo "2514"]
[BlackElo "2636"]
[PlyCount "92"]
[EventDate "2024.09.28"]
[EventType "team-tourn"]
[EventRounds "15"]
[EventCountry "GER"]
[SourceTitle "CB18_2025"]
[SourceDate "2025.04.30"]
[SourceVersion "1"]
[SourceVersionDate "2025.04.30"]
[SourceQuality "1"]
[WhiteTeam "Heimbach Weis Neuwied"]
[BlackTeam "Viernheim"]
[WhiteTeamCountry "GER"]
[BlackTeamCountry "GER"]

1. e4 e5 2. Nf3 Nc6 3. Bc4 Nf6 4. d3 h6 5. Nc3 d6 6. a4 g6 7. a5 Bg7 8. 0-0 0-0 9. h3 Be6 10. a6 b6 11. Bxe6 fxe6 12. Nh2 Kh7 13. Ne2 d5 14. f3 Nh5 15. g3 Qd6 16. Kg2 Rad8 17. Be3 Nf6 18. Ng4 Ng8 19. h4 Nb4 20. c3 dxe4 21. dxe4 Qc6 22. Qb3 Nd3 23. Rad1 h5 24. Nf2 Nxf2 25. Rxf2 Nf6 26. Rxd8 Rxd8 27. Bg5 b5 28. Ng1 Qxa6 29. Nh3 Kg8 30. Be3 Rd3 31. Ng5 Rxe3 32. Rd2 Bf8 33. Nxe6 Qa4 34. Qxa4 bxa4 35. Kf2 Bh6 36. Rd8+ Kf7 37. Ng5+ Ke7 38. Rd1 Bxg5 39. hxg5 Ng4+ 40. fxg4 Rxe4 41. gxh5 gxh5 42. Rh1 a3 43. bxa3 Rc4 44. Rxh5 Rxc3 45. g6 Kf6 46. Rxe5 Rxa3 1/2-1/2

[Event "Bundesliga 2425"]
[Site "Germany"]
[Date "2025.03.24"]
[Round "12.1"]
[White "Amin, Bassem"]
[Black "Jovanovic, Zoran"]
[Result "1-0"]
[WhiteElo "2636"]
[BlackElo "2525"]
[PlyCount "59"]
[EventDate "2024.09.28"]
[EventType "team-tourn"]
[EventRounds "15"]
[EventCountry "GER"]
[SourceTitle "CB13_2025"]
[SourceDate "2025.03.26"]
[SourceVersion "1"]
[SourceVersionDate "2025.03.26"]
[SourceQuality "1"]
[WhiteTeam "Viernheim"]
[BlackTeam "Kirchweyhe"]
[WhiteTeamCountry "GER"]
[BlackTeamCountry "GER"]

1. e4 e5 2. Nf3 Nc6 3. Bc4 Nf6 4. d3 Be7 5. 0-0 0-0 6. a4 a5 7. Nc3 d6 8. h3 h6 9. Re1 Re8 10. Ne2 Bf8 11. Ng3 Be6 12. Bb5 Bd7 13. c3 Qc8 14. Bd2 Ne7 15. d4 Ng6 16. Bd3 c6 17. Qc2 Qc7 18. Rad1 b5 19. b3 Reb8 20. Nf5 Be6 21. c4 bxa4 22. bxa4 Bc8 23. c5 dxc5 24. dxe5 Nxe5 25. Nxe5 Qxe5 26. Bc3 Qe6 27. Qe2 Rb3 28. Bc4 Ba6 29. Bxe6 Bxe2 30. Bxb3 1-0

[Event "Bundesliga 2425"]
[Site "Germany"]
[Date "2025.03.23"]
[Round "11.1"]
[White "Buckels, Valentin"]
[Black "Amin, Bassem"]
[Result "1/2-1/2"]
[WhiteElo "2448"]
[BlackElo "2636"]
[PlyCount "197"]
[EventDate "2024.09.28"]
[EventType "team-tourn"]
[EventRounds "15"]
[EventCountry "GER"]
[SourceTitle "CB13_2025"]
[SourceDate "2025.03.26"]
[SourceVersion "1"]
[SourceVersionDate "2025.03.26"]
[SourceQuality "1"]
[WhiteTeam "Muelheim Nord"]
[BlackTeam "Viernheim"]
[WhiteTeamCountry "GER"]
[BlackTeamCountry "GER"]

1. d4 Nf6 2. Nf3 g6 3. g3 Bg7 4. Bg2 0-0 5. 0-0 c6 6. Nbd2 d5 7. c3 a5 8. a4 Na6 9. Re1 c5 10. dxc5 Nxc5 11. Nb3 Nce4 12. h3 Re8 13. Bf4 Qb6 14. Be3 Qc7 15. Qd4 e5 16. Qb6 Qc6 17. Nfd2 Nxd2 18. Nxd2 Be6 19. Red1 Nd7 20. Qb3 Nc5 21. Bxc5 Qxc5 22. Qb5 Qxb5 23. axb5 a4 24. e4 d4 25. cxd4 exd4 26. e5 Bxe5 27. Bxb7 Ra7 28. Bc6 Rd8 29. Ra3 Bd6 30. Rd3 Bc5 31. Rc1 Bb6 32. Nc4 Bxc4 33. Rxc4 Rd6 34. Kf1 Kg7 35. Bf3 Ra5 36. Bc6 h5 37. Ke2 Ra7 38. Kf3 Re7 39. Rc2 Re1 40. Kg2 Rde6 41. Rc4 R1e2 42. Rxa4 Rf6 43. Bf3 Rxb2 44. Rc4 Rf5 45. h4 Rfxb5 46. Bd1 Re5 47. Rc2 Rb1 48. Rc6 Rc5 49. Rxc5 Bxc5 50. Be2 f5 51. Kf3 Kf6 52. Rd1 Rb2 53. Bd3 Ra2 54. Rc1 Bb4 55. Rc6+ Kg7 56. Rc7+ Kh6 57. Rd7 Be1 58. Be2 Rd2 59. Rd6 Kg7 60. Rd7+ Kf6 61. Rd8 Ke5 62. Re8+ Kd5 63. Rd8+ Kc5 64. Rc8+ Kb4 65. Rb8+ Kc3 66. Rc8+ Kb2 67. Rb8+ Kc1 68. Rf8 Kc2 69. Rc8+ Kb2 70. Rb8+ Kc3 71. Rc8+ Kb4 72. Rb8+ Kc5 73. Rc8+ Kb6 74. Rf8 Kc6 75. Rc8+ Kd7 76. Rc1 Bxf2 77. Kxf2 d3 78. Rd1 Rxe2+ 79. Kf3 Ke6 80. Rxd3 Re4 81. Kg2 Ke5 82. Ra3 Rd4 83. Re3+ Kf6 84. Re8 Kf7 85. Ra8 f4 86. gxf4 Rxf4 87. Kg3 Rg4+ 88. Kh3 Re4 89. Ra3 Kf6 90. Rf3+ Ke5 91. Rg3 Kf5 92. Rg5+ Kf6 93. Rg3 Re6 94. Rf3+ Ke5 95. Kg3 Kd4 96. Rf4+ Kd3 97. Ra4 Re4 98. Ra6 Rg4+ 99. Kh3 1/2-1/2

[Event "Djerba Masters"]
[Site "Djerba"]
[Date "2025.02.23"]
[Round "9"]
[White "Amin, Bassem"]
[Black "Bacrot, Etienne"]
[Result "1/2-1/2"]
[WhiteElo "2654"]
[BlackElo "2640"]
[PlyCount "53"]
[EventDate "2025.02.15"]
[EventType "tourn"]
[EventRounds "9"]
[EventCountry "TUN"]
[EventCategory "15"]
[SourceTitle "CB09_2025"]
[SourceDate "2025.02.27"]
[SourceVersion "1"]
[SourceVersionDate "2025.02.27"]
[SourceQuality "1"]

1. e4 e6 2. d3 d5 3. Nd2 Nf6 4. Ngf3 Be7 5. g3 a5 6. Bg2 a4 7. a3 c5 8. 0-0 Nc6 9. Re1 h6 10. c3 b5 11. exd5 exd5 12. d4 cxd4 13. Nxd4 Nxd4 14. cxd4 Be6 15. b4 axb3 16. Nxb3 Qb6 17. Nc5 0-0 18. Nxe6 fxe6 19. Qd3 Ra4 20. Bb2 b4 21. axb4 Rxa1 22. Rxa1 Qxb4 23. Bc3 Qb3 24. Rb1 Qa3 25. Ra1 Qb3 26. Rb1 Qa3 27. Ra1 1/2-1/2

[Event "Djerba Masters"]
[Site "Djerba"]
[Date "2025.02.22"]
[Round "8"]
[White "Maurizzi, Marc Andria"]
[Black "Amin, Bassem"]
[Result "1-0"]
[WhiteElo "2581"]
[BlackElo "2654"]
[PlyCount "113"]
[EventDate "2025.02.15"]
[EventType "tourn"]
[EventRounds "9"]
[EventCountry "TUN"]
[EventCategory "15"]
[SourceTitle "CB09_2025"]
[SourceDate "2025.02.27"]
[SourceVersion "1"]
[SourceVersionDate "2025.02.27"]
[SourceQuality "1"]

1. e4 e5 2. Nf3 Nc6 3. Nc3 Nf6 4. Bb5 Bb4 5. 0-0 0-0 6. d3 d6 7. Bg5 Bxc3 8. bxc3 Bd7 9. Bc4 Na5 10. Bb3 h6 11. Bh4 Qe7 12. Nd2 Nxb3 13. axb3 Qe6 14. Nc4 d5 15. exd5 Nxd5 16. Re1 f6 17. d4 b5 18. Nb2 Nxc3 19. Qd2 b4 20. dxe5 fxe5 21. Nd3 Qd5 22. Rxe5 Qd4 23. Be7 Ne2+ 24. Rxe2 Qxa1+ 25. Re1 Qc3 26. Qxc3 bxc3 27. Bxf8 Kxf8 28. Re5 a5 29. Nc5 Bc6 30. f3 a4 31. bxa4 Bxa4 32. Nxa4 Rxa4 33. Rc5 Rd4 34. Rxc3 Rd7 35. h4 h5 36. Rc5 g6 37. Kf2 Kg7 38. Rc6 Re7 39. Rc4 Kf6 40. Rf4+ Kg7 41. Re4 Rd7 42. Ke3 Kf6 43. Rc4 Re7+ 44. Kf4 Kg7 45. Rc5 Kh6 46. c4 Re2 47. g4 hxg4 48. fxg4 Re7 49. Rc6 Kg7 50. c5 Rd7 51. Ke5 Rf7 52. Kd5 Rd7+ 53. Kc4 Kf7 54. g5 Re7 55. Kb5 Rd7 56. Rf6+ Kg7 57. Rf4 1-0

[Event "Djerba Masters"]
[Site "Djerba"]
[Date "2025.02.21"]
[Round "7"]
[White "Amin, Bassem"]
[Black "Moussard, Jules"]
[Result "1-0"]
[WhiteElo "2654"]
[BlackElo "2595"]
[PlyCount "89"]
[EventDate "2025.02.15"]
[EventType "tourn"]
[EventRounds "9"]
[EventCountry "TUN"]
[EventCategory "15"]
[SourceTitle "CB09_2025"]
[SourceDate "2025.02.27"]
[SourceVersion "1"]
[SourceVersionDate "2025.02.27"]
[SourceQuality "1"]

1. Nf3 d5 2. g3 b6 3. Bg2 Bb7 4. 0-0 e6 5. d3 Nf6 6. Nbd2 c5 7. e4 Be7 8. Re1 Nc6 9. c3 0-0 10. e5 Nd7 11. Nf1 b5 12. h4 d4 13. N1h2 dxc3 14. bxc3 Re8 15. Ng5 h6 16. Nh3 Bf8 17. Qh5 Rb8 18. Ng4 f5 19. exf6 Nxf6 20. Nxf6+ Qxf6 21. Bf4 g6 22. Qg4 e5 23. Be3 Bc8 24. Qe4 Nd8 25. d4 Bf5 26. Qd5+ Nf7 27. dxc5 Rbd8 28. Qb3 Kg7 29. a4 bxa4 30. Rxa4 Re7 31. Qa3 g5 32. hxg5 hxg5 33. Ra6 Be6 34. Qc1 Qf5 35. Nxg5 Bd5 36. Ne4 Re6 37. Rxa7 Kg8 38. Rxf7 Kxf7 39. Ng5+ Kg8 40. Bxd5 Rxd5 41. Nxe6 Qxe6 42. Rd1 Bxc5 43. Bxc5 Rxc5 44. Qg5+ Kf7 45. Rd8 1-0

[Event "Djerba Masters"]
[Site "Djerba"]
[Date "2025.02.20"]
[Round "6"]
[White "Ivanchuk, Vassily"]
[Black "Amin, Bassem"]
[Result "1/2-1/2"]
[WhiteElo "2619"]
[BlackElo "2654"]
[PlyCount "32"]
[EventDate "2025.02.15"]
[EventType "tourn"]
[EventRounds "9"]
[EventCountry "TUN"]
[EventCategory "15"]
[SourceTitle "CB09_2025"]
[SourceDate "2025.02.27"]
[SourceVersion "1"]
[SourceVersionDate "2025.02.27"]
[SourceQuality "1"]

1. c4 e5 2. Nc3 Nf6 3. Nf3 e4 4. Ng5 c6 5. Qa4 Qe7 6. Qc2 b5 7. cxb5 d5 8. d4 exd3 9. Qxd3 a6 10. bxc6 Nxc6 11. Nf3 Nb4 12. Qd1 Bf5 13. Qa4+ Bd7 14. Qd1 Bf5 15. Qa4+ Bd7 16. Qd1 Bf5 1/2-1/2

[Event "Djerba Masters"]
[Site "Djerba"]
[Date "2025.02.18"]
[Round "5"]
[White "Amin, Bassem"]
[Black "Dardha, Daniel"]
[Result "1/2-1/2"]
[WhiteElo "2654"]
[BlackElo "2652"]
[PlyCount "94"]
[EventDate "2025.02.15"]
[EventType "tourn"]
[EventRounds "9"]
[EventCountry "TUN"]
[EventCategory "15"]
[SourceTitle "CB09_2025"]
[SourceDate "2025.02.27"]
[SourceVersion "1"]
[SourceVersionDate "2025.02.27"]
[SourceQuality "1"]

1. e4 e5 2. Nc3 Nc6 3. Bc4 Nf6 4. d3 Na5 5. Bb3 Nxb3 6. axb3 d5 7. Nf3 dxe4 8. dxe4 Qxd1+ 9. Kxd1 Bd6 10. Bg5 Ng4 11. Ke2 f5 12. Rhd1 h6 13. Be3 Nf6 14. Nd2 a6 15. Nc4 Ke7 16. Ra5 b5 17. Nxd6 cxd6 18. Nxb5 Nxe4 19. f3 Bb7 20. Na3 Ng5 21. Nc4 Nf7 22. f4 Rad8 23. fxe5 dxe5 24. Rxd8 Rxd8 25. Nxe5 Nxe5 26. Rxe5+ Kf6 27. Ra5 g5 28. g3 Rd5 29. Ra4 Rd6 30. c3 Be4 31. Ra5 Kg6 32. b4 Kh5 33. h3 Bg2 34. Rxf5 Bxh3 35. Rc5 Bg4+ 36. Kf2 Rf6+ 37. Kg1 Re6 38. Bf2 Re2 39. Rc6 Re6 40. Rc5 Re2 41. Rc6 Re6 42. Rxe6 Bxe6 43. Ba7 Kg4 44. Kf2 Kf5 45. Ke3 Ke5 46. Bb8+ Kd5 47. b3 h5 1/2-1/2

[Event "Djerba Masters"]
[Site "Djerba"]
[Date "2025.02.18"]
[Round "4"]
[White "Oro, Faustino"]
[Black "Amin, Bassem"]
[Result "0-1"]
[WhiteElo "2447"]
[BlackElo "2654"]
[PlyCount "130"]
[EventDate "2025.02.15"]
[EventType "tourn"]
[EventRounds "9"]
[EventCountry "TUN"]
[EventCategory "15"]
[SourceTitle "CB09_2025"]
[SourceDate "2025.02.27"]
[SourceVersion "1"]
[SourceVersionDate "2025.02.27"]
[SourceQuality "1"]

1. e4 e5 2. Nf3 Nc6 3. Bc4 Nf6 4. d3 Bc5 5. 0-0 d6 6. c3 h6 7. a4 a5 8. h3 Bb6 9. Be3 Bxe3 10. fxe3 0-0 11. Nbd2 Ne7 12. Nh4 d5 13. exd5 Nexd5 14. Qe2 c6 15. Nhf3 Re8 16. e4 Qb6+ 17. Qf2 Qxf2+ 18. Kxf2 Nb6 19. Ke3 Re7 20. Bb3 Be6 21. g4 Nfd7 22. Bxe6 Rxe6 23. Nb3 g6 24. Nfd2 Kg7 25. Nc4 Nxc4+ 26. dxc4 Kf8 27. Rfd1 Nb6 28. Nd2 c5 29. b3 Ke7 30. Nf1 Rf6 31. Rd3 Rd8 32. Rxd8 Kxd8 33. Rd1+ Ke7 34. Nh2 Rd6 35. Rxd6 Kxd6 36. h4 Ke6 37. Nf1 Nc8 38. Kf3 Nd6 39. g5 h5 40. Ne3 f5 41. gxf6 Kxf6 42. Nd5+ Kf7 43. Nc7 Ne8 44. Nd5 Nf6 45. Ke3 Ke6 46. b4 cxb4 47. cxb4 axb4 48. Nxb4 Kd6 49. a5 Ng4+ 50. Kd3 Nf2+ 51. Ke3 Nd1+ 52. Kd2 Nb2 53. Kc3 Na4+ 54. Kd2 Kc5 55. a6 bxa6 56. Nxa6+ Kd4 57. Nb8 Nc5 58. Nc6+ Kxe4 59. Ne7 Kf3 60. Ke1 e4 61. Nc6 Kg4 62. Ne5+ Kxh4 63. Nxg6+ Kg3 64. Ne7 h4 65. Nf5+ Kg4 0-1

[Event "Djerba Masters"]
[Site "Djerba"]
[Date "2025.02.17"]
[Round "3"]
[White "Amin, Bassem"]
[Black "Murzin, Volodar"]
[Result "1/2-1/2"]
[WhiteElo "2654"]
[BlackElo "2657"]
[PlyCount "69"]
[EventDate "2025.02.15"]
[EventType "tourn"]
[EventRounds "9"]
[EventCountry "TUN"]
[EventCategory "15"]
[SourceTitle "CB09_2025"]
[SourceDate "2025.02.27"]
[SourceVersion "1"]
[SourceVersionDate "2025.02.27"]
[SourceQuality "1"]

1. e4 c5 2. Nf3 d6 3. Bb5+ Nd7 4. 0-0 a6 5. Be2 Ngf6 6. d3 g6 7. c4 b6 8. Nc3 Bb7 9. Bf4 Bg7 10. Qd2 0-0 11. Bh6 Re8 12. Bxg7 Kxg7 13. Rab1 Rb8 14. b4 Qc7 15. Nd5 Bxd5 16. cxd5 a5 17. bxc5 bxc5 18. Qc3 Nf8 19. Nd4 Rxb1 20. Rxb1 Rb8 21. Nb5 Qd8 22. a4 e5 23. Qd2 N8d7 24. Rc1 Qb6 25. g3 Ne8 26. Rb1 Qd8 27. Bg4 Nef6 28. Bxd7 Nxd7 29. Kg2 Nf6 30. f4 c4 31. fxe5 dxe5 32. dxc4 Nxe4 33. Qe3 f5 34. Qa7+ Kh6 35. Nd6 1/2-1/2

[Event "Djerba Masters"]
[Site "Djerba"]
[Date "2025.02.15"]
[Round "1"]
[White "Maghsoodloo, Parham"]
[Black "Amin, Bassem"]
[Result "1/2-1/2"]
[WhiteElo "2680"]
[BlackElo "2654"]
[PlyCount "49"]
[EventDate "2025.02.15"]
[EventType "tourn"]
[EventRounds "9"]
[EventCountry "TUN"]
[EventCategory "15"]
[SourceTitle "CB09_2025"]
[SourceDate "2025.02.27"]
[SourceVersion "1"]
[SourceVersionDate "2025.02.27"]
[SourceQuality "1"]

1. d4 Nf6 2. c4 g6 3. Nc3 d5 4. Nf3 Bg7 5. Qb3 dxc4 6. Qxc4 Be6 7. Qa4+ Bd7 8. Qa3 Bc6 9. e3 Nbd7 10. Be2 0-0 11. 0-0 e6 12. Rd1 a6 13. Bd2 Re8 14. Be1 Bf8 15. Qb3 b5 16. Qc2 Bb7 17. Ne5 Rc8 18. f4 c5 19. Bh4 Qc7 20. Rac1 cxd4 21. exd4 b4 22. Bxf6 Nxf6 23. Ne4 Qe7 24. Nxf6+ Qxf6 25. Qd2 1/2-1/2

[Event "Djerba Masters"]
[Site "Djerba"]
[Date "2025.02.15"]
[Round "2"]
[White "Navara, David"]
[Black "Amin, Bassem"]
[Result "1-0"]
[WhiteElo "2677"]
[BlackElo "2654"]
[PlyCount "81"]
[EventDate "2025.02.15"]
[EventType "tourn"]
[EventRounds "9"]
[EventCountry "TUN"]
[EventCategory "15"]
[SourceTitle "CB09_2025"]
[SourceDate "2025.02.27"]
[SourceVersion "1"]
[SourceVersionDate "2025.02.27"]
[SourceQuality "1"]

1. d4 Nf6 2. c4 g6 3. Nc3 d5 4. Nf3 Bg7 5. h4 c6 6. cxd5 cxd5 7. Bf4 0-0 8. e3 Nc6 9. Qb3 Na5 10. Qa3 Nc6 11. Ne5 Ng4 12. Nxg4 Bxg4 13. f3 e5 14. dxe5 Be6 15. Rd1 Nxe5 16. Be2 Nc6 17. Bg5 Qb6 18. Nxd5 Bxd5 19. Rxd5 Bxb2 20. Qb3 Qxb3 21. axb3 Kg7 22. Kf2 h6 23. Bf4 Rfd8 24. Rhd1 Rxd5 25. Rxd5 Rd8 26. Rxd8 Nxd8 27. Bd6 Bf6 28. h5 gxh5 29. f4 h4 30. Bf3 Nc6 31. Bd5 Bc3 32. e4 f6 33. Kf3 Kg6 34. f5+ Kg7 35. Bxc6 bxc6 36. Bc5 a6 37. Ke2 Kf7 38. Kd3 Be5 39. Kc4 h5 40. Kb4 Bc7 41. Bd4 1-0

[Event "Bundesliga 2425"]
[Site "Germany"]
[Date "2025.02.02"]
[Round "8.5"]
[White "Amin, Bassem"]
[Black "Bogosavljevic, Boban"]
[Result "0-1"]
[WhiteElo "2636"]
[BlackElo "2486"]
[PlyCount "96"]
[EventDate "2024.09.28"]
[EventType "team-tourn"]
[EventRounds "15"]
[EventCountry "GER"]
[SourceTitle "CB06_2025"]
[SourceDate "2025.02.05"]
[SourceVersion "1"]
[SourceVersionDate "2025.02.05"]
[SourceQuality "1"]
[WhiteTeam "Viernheim"]
[BlackTeam "Deggendorf"]
[WhiteTeamCountry "GER"]
[BlackTeamCountry "GER"]

1. e4 c5 2. Nf3 Nc6 3. Bb5 d6 4. 0-0 Bd7 5. Re1 Nf6 6. c3 a6 7. Bf1 Bg4 8. h3 Bxf3 9. Qxf3 e6 10. d3 Be7 11. Qg3 0-0 12. Bh6 Ne8 13. Be3 d5 14. exd5 Qxd5 15. Nd2 Nd6 16. c4 Qf5 17. Nb3 b6 18. d4 Qf6 19. dxc5 Nf5 20. Qf3 Nxe3 21. Qxc6 Nc2 22. cxb6 Nxa1 23. b7 Rab8 24. Rxa1 e5 25. Qe4 Qb6 26. c5 Qxb7 27. c6 Qb6 28. Rc1 Bd6 29. Qa4 a5 30. Qxa5 Rfc8 31. Qd5 Qc7 32. Ba6 Re8 33. Qe4 g6 34. Bb7 Kg7 35. Kf1 f5 36. Qd5 e4 37. Qa5 Qe7 38. Qc3+ Be5 39. Qc5 Bd6 40. Qd4+ Be5 41. Qd7 Qxd7 42. cxd7 Red8 43. Bc6 Bxb2 44. Rd1 Rb6 45. Na5 Bf6 46. g3 Ra6 47. Rd5 Rb8 48. Ba4 Rba8 0-1

[Event "Bundesliga 2425"]
[Site "Germany"]
[Date "2025.02.01"]
[Round "7.5"]
[White "Lokander, Martin"]
[Black "Amin, Bassem"]
[Result "0-1"]
[WhiteElo "2469"]
[BlackElo "2636"]
[PlyCount "112"]
[EventDate "2024.09.28"]
[EventType "team-tourn"]
[EventRounds "15"]
[EventCountry "GER"]
[SourceTitle "CB06_2025"]
[SourceDate "2025.02.05"]
[SourceVersion "1"]
[SourceVersionDate "2025.02.05"]
[SourceQuality "1"]
[WhiteTeam "Bayern Muenchen"]
[BlackTeam "Viernheim"]
[WhiteTeamCountry "GER"]
[BlackTeamCountry "GER"]

1. d4 Nf6 2. c4 g6 3. Nc3 Bg7 4. e4 d6 5. Nf3 0-0 6. Be2 e5 7. dxe5 dxe5 8. Qxd8 Rxd8 9. Nxe5 Nxe4 10. Nxe4 Bxe5 11. Bg5 Bxb2 12. Rb1 Re8 13. Rxb2 Rxe4 14. 0-0 Nc6 15. f3 Rd4 16. Be3 Rd8 17. Bg5 Rd4 18. Be3 Rd8 19. Bg5 Rd7 20. c5 Rd5 21. Be3 Na5 22. Rc1 Be6 23. Bf4 Rd7 24. Bd2 Nc6 25. Bf4 Nd4 26. c6 bxc6 27. Ba6 f6 28. Be3 Rad8 29. a4 Rd5 30. Bc4 Re5 31. Kf2 g5 32. g4 a5 33. Rd2 Bxc4 34. Rxc4 Ne6 35. Rxd8+ Nxd8 36. Bd4 Re6 37. Bc3 Nb7 38. Kg3 Kf7 39. h4 h6 40. hxg5 hxg5 41. Kf2 c5 42. Bd2 Ke7 43. Rc2 Rb6 44. Ke2 Ke6 45. Kd3 Kd5 46. f4 gxf4 47. Bxf4 Rb4 48. Bxc7 Rxa4 49. Rf2 Ra3+ 50. Kd2 Ra2+ 51. Ke3 Rxf2 52. Kxf2 a4 53. Bf4 Nd6 54. Ke2 a3 55. Bd2 Kc4 56. Bc1 Kb3 0-1

[Event "Rilton Cup 52nd"]
[Site "Stockholm"]
[Date "2025.01.05"]
[Round "9"]
[White "Costa, Leonardo"]
[Black "Amin, Bassem"]
[Result "1/2-1/2"]
[WhiteElo "2498"]
[BlackElo "2652"]
[PlyCount "62"]
[EventDate "2024.12.27"]
[EventType "swiss"]
[EventRounds "9"]
[EventCountry "SWE"]
[SourceTitle "CB02_2025"]
[SourceDate "2025.01.08"]
[SourceVersion "1"]
[SourceVersionDate "2025.01.08"]
[SourceQuality "1"]

1. e4 e5 2. Nf3 Nc6 3. Bb5 Nf6 4. 0-0 Nxe4 5. Re1 Nd6 6. a4 Be7 7. Nc3 a6 8. Bf1 Nf5 9. d4 Nfxd4 10. Nxe5 d6 11. Nxc6 Nxc6 12. Nd5 Be6 13. Nxe7 Nxe7 14. b4 0-0 15. Bb2 Nf5 16. Ra3 c5 17. Rf3 a5 18. Rf4 Nd4 19. Qh5 axb4 20. Re3 f5 21. Rh4 Rf6 22. Qxh7+ Kf8 23. Rxd4 cxd4 24. Bxd4 Bg8 25. Qh5 Rf7 26. Bc4 f4 27. Re4 Ra5 28. Bxf7 Rxh5 29. Bxh5 g5 30. Re8+ Qxe8 31. Bxe8 Kxe8 1/2-1/2

[Event "Rilton Cup 52nd"]
[Site "Stockholm"]
[Date "2025.01.04"]
[Round "8"]
[White "Amin, Bassem"]
[Black "Livaic, Leon"]
[Result "1-0"]
[WhiteElo "2652"]
[BlackElo "2560"]
[PlyCount "111"]
[EventDate "2024.12.27"]
[EventType "swiss"]
[EventRounds "9"]
[EventCountry "SWE"]
[SourceTitle "CB02_2025"]
[SourceDate "2025.01.08"]
[SourceVersion "1"]
[SourceVersionDate "2025.01.08"]
[SourceQuality "1"]

1. e4 c5 2. Nf3 d6 3. Bb5+ Nd7 4. 0-0 a6 5. Be2 Ngf6 6. d3 g6 7. c4 Bg7 8. Nc3 e5 9. a3 0-0 10. b4 b6 11. Rb1 h6 12. Ne1 Ne8 13. Nc2 Nc7 14. bxc5 bxc5 15. Bd2 Rb8 16. Nd5 Nxd5 17. cxd5 Rxb1 18. Qxb1 f5 19. Ne3 Nf6 20. Nc4 fxe4 21. dxe4 Rf7 22. f3 Rb7 23. Qc2 g5 24. Na5 Rf7 25. Rb1 g4 26. Nc6 Qf8 27. fxg4 Nxg4 28. h3 Nf6 29. Rb8 Nd7 30. Rb3 Kh7 31. Be3 h5 32. Qd1 Bh6 33. Bxh5 c4 34. Bxh6 Qxh6 35. Rg3 Rg7 36. Rxg7+ Kxg7 37. Qg4+ Kf8 38. Qf5+ Qf6 39. Qe6 Kg7 40. Ne7 Qxe6 41. dxe6 Nf6 42. Nxc8 Nxh5 43. e7 Nf6 44. Kf2 c3 45. Ke3 c2 46. Kd2 Nxe4+ 47. Kxc2 Kf7 48. g4 d5 49. h4 Nf6 50. g5 Ng8 51. g6+ Ke8 52. g7 Kf7 53. h5 e4 54. Kc3 e3 55. Kd3 d4 56. h6 1-0

[Event "Rilton Cup 52nd"]
[Site "Stockholm"]
[Date "2025.01.03"]
[Round "7"]
[White "Seemann, Jakub"]
[Black "Amin, Bassem"]
[Result "0-1"]
[WhiteElo "2487"]
[BlackElo "2652"]
[PlyCount "108"]
[EventDate "2024.12.27"]
[EventType "swiss"]
[EventRounds "9"]
[EventCountry "SWE"]
[SourceTitle "CB02_2025"]
[SourceDate "2025.01.08"]
[SourceVersion "1"]
[SourceVersionDate "2025.01.08"]
[SourceQuality "1"]

1. d4 Nf6 2. c4 g6 3. Nc3 Bg7 4. e4 d6 5. Bd3 0-0 6. Nge2 a5 7. 0-0 e5 8. d5 Na6 9. f3 Nd7 10. Be3 f5 11. exf5 gxf5 12. Rc1 Nac5 13. Bb1 Nb6 14. b3 Bd7 15. f4 Qe7 16. Kh1 a4 17. fxe5 Bxe5 18. Rf3 axb3 19. axb3 Ne4 20. Nxe4 fxe4 21. Rxf8+ Rxf8 22. Qg1 Bf5 23. Nd4 Nd7 24. Rf1 Bg6 25. Rxf8+ Nxf8 26. Bc2 Nd7 27. Ne6 c6 28. dxc6 bxc6 29. Nd4 Bxd4 30. Bxd4 e3 31. Bxg6 e2 32. Bxh7+ Qxh7 33. Qc1 Qe4 34. Bc3 Qf5 35. Qg1 Ne5 36. h3 Qf1 37. Bd2 c5 38. Kh2 Qxg1+ 39. Kxg1 Nd3 40. h4 Kf7 41. h5 Kf6 42. g4 e1Q+ 43. Bxe1 Nxe1 44. Kf2 Nc2 45. Kg3 Nd4 46. Kf4 Nxb3 47. g5+ Kf7 48. Ke4 Ke6 49. h6 Nd2+ 50. Kf4 Nxc4 51. h7 Ne5 52. h8N d5 53. g6 Kf6 54. g7 Nd3+ 0-1

[Event "Rilton Cup 52nd"]
[Site "Stockholm"]
[Date "2025.01.02"]
[Round "6"]
[White "Amin, Bassem"]
[Black "Khripachenko, Alexander"]
[Result "1-0"]
[WhiteElo "2652"]
[BlackElo "2400"]
[PlyCount "111"]
[EventDate "2024.12.27"]
[EventType "swiss"]
[EventRounds "9"]
[EventCountry "SWE"]
[SourceTitle "CB02_2025"]
[SourceDate "2025.01.08"]
[SourceVersion "1"]
[SourceVersionDate "2025.01.08"]
[SourceQuality "1"]

1. e4 c5 2. Nf3 e6 3. c3 d5 4. e5 d4 5. d3 Nc6 6. g3 Nge7 7. Bg2 dxc3 8. bxc3 b6 9. 0-0 Ba6 10. c4 Qd7 11. Nc3 Bb7 12. Nb5 Ng6 13. Re1 Be7 14. h4 0-0 15. h5 Ngxe5 16. Nxe5 Nxe5 17. Bxb7 Qxb7 18. Rxe5 Bf6 19. Qe2 Qd7 20. Bb2 Bxe5 21. Qxe5 f6 22. Qe4 h6 23. Nc3 Rad8 24. Re1 Qxd3 25. Qxe6+ Kh8 26. Kg2 Qd7 27. Qxd7 Rxd7 28. Nd5 Rb8 29. a4 a6 30. Bc1 b5 31. Bf4 Rbb7 32. a5 bxc4 33. Re8+ Kh7 34. Nb6 Rd3 35. Rc8 c3 36. Rxc5 Kg8 37. Rc6 Re7 38. Na4 Re2 39. Rc8+ Kh7 40. Rxc3 Rxc3 41. Nxc3 Rc2 42. Ne4 f5 43. Nd6 Rc5 44. Bd2 Rd5 45. Bb4 g6 46. Ne8 Rb5 47. Bd2 Rc5 48. Nf6+ Kg7 49. Nd7 Rc7 50. Nb8 Ra7 51. hxg6 Kxg6 52. Be3 Ra8 53. Nc6 Re8 54. Nb4 h5 55. Bb6 Ra8 56. Nd5 1-0

[Event "Rilton Cup 52nd"]
[Site "Stockholm"]
[Date "2024.12.30"]
[Round "4"]
[White "Amin, Bassem"]
[Black "Ostlund, Joar"]
[Result "1-0"]
[WhiteElo "2652"]
[BlackElo "2339"]
[PlyCount "55"]
[EventDate "2024.12.27"]
[EventType "swiss"]
[EventRounds "9"]
[EventCountry "SWE"]
[SourceTitle "CB02_2025"]
[SourceDate "2025.01.08"]
[SourceVersion "1"]
[SourceVersionDate "2025.01.08"]
[SourceQuality "1"]

1. Nf3 Nf6 2. g3 b5 3. d3 Bb7 4. Bg2 e6 5. e4 d6 6. 0-0 Be7 7. a4 b4 8. Nfd2 Nfd7 9. a5 c5 10. Nc4 0-0 11. Bf4 Qc7 12. Qh5 a6 13. Nbd2 Nc6 14. Nf3 f5 15. Qh3 e5 16. Bg5 fxe4 17. Bxe7 exf3 18. Qe6+ Kh8 19. Bh3 Nf6 20. Bxd6 Qd8 21. Bxf8 Qxf8 22. Nxe5 Re8 23. Qf7 Nxe5 24. Qxb7 Qd6 25. Qb6 Qd4 26. Rae1 Nfg4 27. Bxg4 Qxg4 28. Rxe5 1-0